000 00712nam a2200205Ii 4500
003 JO-AjNU
008 230605s9999||||xx |||||||||||||| ||und||
040 _aJO-AjNU
_bara
_erda
_cJO-AjNU
041 _aara
050 1 4 _aBP173.7 1992
100 3 _aالوشلي، عبد الله قاسم,
_eauthor
_97023
245 0 0 _aالبيعة أحكام ومضامين
250 _aط1
264 3 1 _aبيروت: المكتبة الحديثة للطباعة والنشر، 1992
300 _a198ص
336 _atext
_btxt
_2rdacontent
337 _aunmediated
_bn
_2rdamedia
338 _avolume
_bnc
_2rdacarrier
650 4 _aالنظام السياسي في الاسلام- الخلافة- جوانب سياسية
_97024
999 _aA69
_c3637
_d3637